| 000 | 01770nam0a22003011 4500 | ||
|---|---|---|---|
| 001 | v19\rc\1939900 | ||
| 005 | 20251118180830.8 | ||
| 035 | _a(NLR Aleph) 005026462 | ||
| 090 |
_a6644767 _c6644767 |
||
| 100 | _a20251123 rusy50 | ||
| 101 | 0 | _arus | |
| 102 | _aRU | ||
| 105 | _ay z ||||| | ||
| 200 | 1 |
_a![Выписка из Постановления очередного Ростовского уездного земского собрания 1911 года _aИнструкция по управлению Кассой мелкого кредита _aПравила по приему и выдаче вкладов] [и др. материалы] _fРостов. уезд. зем. касса мелкого кредита. Открыта 25 нояб. 1912 г. |
|
| 210 |
_aРостов-Ярославский _d1912 |
||
| 215 |
_a15 с. _d24 |
||
| 488 | 0 |
_12001#$aПостановление очередного Ростовского уездного земского собрания 1911 года _tПостановление очередного Ростовского уездного земского собрания 1911 года |
|
| 532 | 1 | 3 | _aВыписка из Постановления очередного Ростовского уездного земского собрания 1911 года |
| 532 | 1 | 2 | _aПравила по приему и выдаче вкладов и другие материалы |
| 710 | 0 | 2 | _aРостовская уезд. земская касса мелкого кредита |
| 801 | 0 |
_aRU _bNLR _gpsbo |
|
| 801 | 0 |
_aRU _bRuMoRGB _2psbo |
|
| 801 | 1 |
_aRU _bProSoft-M _2rusmarc |
|
| 852 |
_aNLR _bЗем _j47-8/6 |
||
| 899 |
_aRuMoRGB _jU 47/274 |
||
| 899 |
_aRuMoRGB _jU 484/244 |
||
| 942 | _cBOOK | ||
| 980 | _aNB | ||